00414nam a2200121Ia 4500008004100000245007200041245001500113260000900128650001200137856005100149999001900200952007300219171204s9999 xx 000 0 und d 4aThe Crushing of Army Group North 1944 - 1945: Images of War Series: cIan Baxter c2017 xHistory uhttp://down.ebook777.com/063/9781473862555.pdf c345527d345527 001040aCLbCLd2017-12-04l0r2017-12-04 00:00:00w2017-12-04yCBE